Football by Letter - R - Statistics

General Stats
  • This quiz has been taken 60 times
  • The average score is 13 of 20
Answer Stats
Hint Answer % Correct
He scored the most goals in European Championship history Cristiano Ronaldo
100%
Host of the 2018 World Cup Russia
96%
The team with the most Champions League titles in history Real Madrid
91%
Won 4 Champions Leagues as Real Madrid captain from 2015 to 2021 Sergio Ramos
84%
Coach when Leicester City won the Premier League title Claudio Ranieri
81%
Ballon d'OR Winner 2005 Ronaldinho
81%
Ballon d'OR Winner 2023/24 Rodri
77%
Real Madrid captain from 2003 to 2010 Raul
72%
They won the first edition of the Conference League AS Roma
68%
Nickname of Ronaldo Nazario R9
67%
Ballon d'OR Winner 1998/99 Rivaldo
67%
He scored the iconic last-minute goal in the 2012/13 German Champions League final Arjen Robben
65%
Golden Boy Winner 2003/04 and Premier League Player of the year 2009/10 Wayne Rooney
60%
Was named Bundesliga Player of the Year in 2011/12, 2013/14 and 2018/19 Marco Reus
56%
UEFA Player of the Year 2012/13 Frank Ribery
54%
Scored in the Champions League final 2014/15 Ivan Rakitic
44%
Austrian national coach since 2021/22 Ralf Rangnick
30%
Won Premier League Player of the Month three times in one year Marcus Rashford
25%
Premier League Young Player of the year 2024/25 Morgan Rogers
21%
Coach of the Year 2004/05 Frank Rijkaard
12%
No matching quizzes found
Score Distribution
Percent of People with Each Score
Percentile by Number Answered
Your Score History
You have not taken this quiz